Sports Quiz

Random Sports or Football Quiz

Aris or PAOK Quiz Stats

 Plays Quiz not verified by Sporcle

Also try: Lazio or Roma
Challenge
Share
Tweet
Embed
Score 0/14 Timer 03:00
0 Plays Today
Question Answer Wrong Answers
...takes its name from the Greek god of war? Aris Thessaloniki FC
91.6%
PAOK FC
5.2%
...traditionally plays in yellow and black? Aris Thessaloniki FC
91.6%
PAOK FC
6.3%
...has played every season in Superleague Greece? PAOK FC
89%
Aris Thessaloniki FC
8.4%
...uses the Palaiologan double-headed eagle as its emblem? PAOK FC
88.5%
Aris Thessaloniki FC
8.9%
...has won more Greek Cups (5)? PAOK FC
85.3%
Aris Thessaloniki FC
12.6%
...has the better head-to-head record? PAOK FC
85.3%
Aris Thessaloniki FC
11.5%
...plays home games at the Kleanthis Vikelidis Stadium? Aris Thessaloniki FC
82.2%
PAOK FC
13.6%
...has the higher attendance record (45,252)? PAOK FC
81.7%
Aris Thessaloniki FC
15.7%
...was established first (1914)? Aris Thessaloniki FC
81.2%
PAOK FC
16.8%
...was founded by Greek refugees from the Asia Minor Catastrophe? PAOK FC
80.6%
Aris Thessaloniki FC
16.2%
...is undefeated at home in European competition? Aris Thessaloniki FC
69.1%
PAOK FC
29.3%
...has won more Greek championships (3)? Aris Thessaloniki FC
64.4%
PAOK FC
31.4%
...is the successor of the Hermes Sports Club? PAOK FC
38.7%
Aris Thessaloniki FC
58.6%
...holds the record for biggest win in a Derby of Northern Greece (7-1)? Aris Thessaloniki FC
29.8%
PAOK FC
67%

You're not logged in!

Compare scores with friends on all Sporcle quizzes.
OR
Log In

You Might Also Like...

Show Comments

Extras

Top Quizzes Today


Score Distribution

Your Account Isn't Verified!

In order to create a playlist on Sporcle, you need to verify the email address you used during registration. Go to your Sporcle Settings to finish the process.

Report this User

Report this user for behavior that violates our Community Guidelines.

Details: